Aggregation and testing of the production smoothing hypothesis.

Porovnanie úrovne a variabilnosti výroby a predaja. Využitie rôznych prístupov za účelom modifikácie výrobných modelov. Správanie sa firmy z hľadiska nákladovosti výroby, uspokojovania dopytu a predajnosti výrobku. Výrobné a obchodné vzťahy medzi firmami. Príčiny a dôsledky poklesu produkcie.

Guardado en:
Detalles Bibliográficos
Autor principal: Lai, K.S
Formato: Capítulo de libro
Lenguaje:inglés
Materias:
Etiquetas: Agregar Etiqueta
Sin Etiquetas, Sea el primero en etiquetar este registro!

MARC

LEADER 00000naa a2200000 4500
001 r011024
005 20221213084211.9
041 0 |a eng 
044 |a US 
245 1 0 |a Aggregation and testing of the production smoothing hypothesis.  |c K.S. Lai 
520 |a Porovnanie úrovne a variabilnosti výroby a predaja. Využitie rôznych prístupov za účelom modifikácie výrobných modelov. Správanie sa firmy z hľadiska nákladovosti výroby, uspokojovania dopytu a predajnosti výrobku. Výrobné a obchodné vzťahy medzi firmami. Príčiny a dôsledky poklesu produkcie. 
610 2 0 |a výroba 
610 2 0 |a modely výroby 
610 2 0 |a predaj 
610 2 0 |a modely ekonomicko-matematické 
610 2 0 |a náklady výrobné 
610 2 0 |a dopyt 
610 2 0 |a ponuka 
610 2 0 |a výrobky 
610 2 0 |a vzťahy medzipodnikové 
610 2 0 |a zásoby 
100 1 |a Lai, K.S.